000 00523nam a22002177a 4500
003 UA-OsUOA
001 88048
007 ta
008 20120927b un ||||| |||| 00| 0 ukr d
090 _a82 (091)
942 _cBK
040 _aUA-OsUOA
_bger
_cUA-OsUOA
_dUA-OsUOA
245 _aGeschichte der deutschen literatur
300 _a448 с.
955 _a1
041 _ager
080 _a82 (091)
260 _c1976
650 7 _a82 Література. Літературознавство
_2UDC
999 _c374218
_d374218